[Event "Harrogate 4NCL op-B 31st"]
[Site "Harrogate"]
[Date "2024.01.21"]
[Round "5"]
[White "Webb, Nicholas"]
[Black "Hall, James"]
[Result "1-0"]
[WhiteElo "1837"]
[BlackElo "1969"]
[PlyCount "65"]
[EventDate "2024.01.19"]
[EventType "swiss"]
[EventRounds "5"]
[EventCountry "ENG"]
[SourceTitle "CB06_2024"]
[SourceDate "2024.02.07"]
[SourceVersion "1"]
[SourceVersionDate "2024.02.07"]
[SourceQuality "1"]

1. Nf3 e5 2. Nxe5 Nc6 3. Nxc6 dxc6 4. d4 Bf5 5. Bf4 g5 6. Bg3 Bg7 7. c3 Qd7 8. Nd2 0-0-0 9. e4 Bxe4 10. Nxe4 Re8 11. f3 f5 12. Bd3 fxe4 13. fxe4 c5 14. 0-0 cxd4 15. e5 Nh6 16. Qb3 Bxe5 17. Bxe5 Rxe5 18. Rf6 Ng4 19. Rf7 Qd6 20. g3 Qh6 21. Rxh7 Qf6 22. Rf1 Re1 23. Rxh8+ Qxh8 24. Bf5+ Kb8 25. Bxg4 Qe8 26. Rxe1 Qxe1+ 27. Kg2 Qd2+ 28. Kh3 a6 29. Bf3 c6 30. Bxc6 g4+ 31. Kxg4 b5 32. Qf7 Qe2+ 33. Bf3 1-0

[Event "Harrogate 4NCL op-B 31st"]
[Site "Harrogate"]
[Date "2024.01.20"]
[Round "3"]
[White "Hall, James"]
[Black "Meredith, Daniel"]
[Result "1-0"]
[WhiteElo "1969"]
[BlackElo "1778"]
[PlyCount "73"]
[EventDate "2024.01.19"]
[EventType "swiss"]
[EventRounds "5"]
[EventCountry "ENG"]
[SourceTitle "CB06_2024"]
[SourceDate "2024.02.07"]
[SourceVersion "1"]
[SourceVersionDate "2024.02.07"]
[SourceQuality "1"]

1. d4 Nf6 2. Nc3 d5 3. e4 dxe4 4. Bg5 e6 5. f3 e3 6. Qe2 Be7 7. Bxe3 Nd5 8. Nh3 Nc6 9. Nxd5 exd5 10. Nf4 0-0 11. Qd2 a6 12. c3 Re8 13. Bd3 Qd6 14. Kf2 Be6 15. Rae1 Nb8 16. Nh5 Nd7 17. Bf4 Qb6 18. Bh6 g6 19. Ng7 Red8 20. h4 Nf8 21. h5 c5 22. Nxe6 Nxe6 23. hxg6 fxg6 24. Qe3 Rd6 25. Kf1 Bf6 26. dxc5 Qxc5 27. Qd2 d4 28. c4 Bg5 29. Bxg5 Qxg5 30. Qxg5 Nxg5 31. Re7 b6 32. c5 bxc5 33. f4 Rf8 34. Bc4+ Nf7 35. Ke2 Rdd8 36. Kd3 Rde8 37. Bxf7+ 1-0

[Event "BCF-ch rapidplay 34th"]
[Site "Bingley"]
[Date "2023.04.15"]
[Round "2"]
[White "Makkar, Rajat"]
[Black "Hall, James"]
[Result "1-0"]
[WhiteElo "2420"]
[BlackElo "1719"]
[PlyCount "47"]
[EventDate "2023.04.15"]
[EventType "swiss (rapid)"]
[EventRounds "11"]
[EventCountry "ENG"]
[SourceTitle "CBM 213 Extra"]
[Source "ChessBase"]
[SourceDate "2023.05.31"]
[SourceVersion "1"]
[SourceVersionDate "2023.05.31"]
[SourceQuality "1"]

1. d4 Nf6 2. Nc3 d5 3. Bf4 Nc6 4. Nb5 e5 5. Bxe5 Ne4 6. Nxc7+ Kd7 7. c3 Nxe5 8. Nxa8 Qa5 9. g3 Nxc3 10. Bh3+ Kd8 11. bxc3 Bxh3 12. Nxh3 Nc4 13. 0-0 Be7 14. e4 Kc8 15. exd5 Kb8 16. Qe2 Qb5 17. Qxe7 Re8 18. Nc7 Rxe7 19. Nxb5 Nd2 20. d6 Rd7 21. Rfd1 Nc4 22. Re1 Rd8 23. d7 a6 24. Re8 1-0

[Event "Daventry 4NCL Easter op-B 3rd"]
[Site "Daventry"]
[Date "2023.04.10"]
[Round "7"]
[White "Anderson, Thomas R"]
[Black "Hall, James"]
[Result "1/2-1/2"]
[WhiteElo "1865"]
[BlackElo "1719"]
[PlyCount "51"]
[EventDate "2023.04.07"]
[EventType "swiss"]
[EventRounds "7"]
[EventCountry "ENG"]
[SourceTitle "EXT 2024"]
[Source "ChessBase"]
[SourceDate "2023.10.10"]
[SourceVersion "1"]
[SourceVersionDate "2023.10.10"]
[SourceQuality "1"]

1. d4 Nf6 2. c4 e5 3. dxe5 Ng4 4. Nf3 Nc6 5. e3 Bc5 6. Nc3 0-0 7. Be2 Ncxe5 8. Nxe5 Nxe5 9. f4 Nc6 10. 0-0 Re8 11. f5 Ne5 12. Kh1 c6 13. Ne4 Bf8 14. c5 b6 15. Nd6 bxc5 16. Nxe8 Qxe8 17. e4 Bb7 18. Bf4 d5 19. Bxe5 Qxe5 20. exd5 cxd5 21. Qd2 Rd8 22. Rae1 Bd6 23. g3 Qe4+ 24. Bf3 Qxf5 25. Bg2 Qh5 26. Bf3 1/2-1/2

[Event "Daventry 4NCL Easter op-B 3rd"]
[Site "Daventry"]
[Date "2023.04.08"]
[Round "3"]
[White "Hall, James"]
[Black "Han, Qixiang"]
[Result "1/2-1/2"]
[WhiteElo "1719"]
[BlackElo "1365"]
[PlyCount "105"]
[EventDate "2023.04.07"]
[EventType "swiss"]
[EventRounds "7"]
[EventCountry "ENG"]
[SourceTitle "EXT 2024"]
[Source "ChessBase"]
[SourceDate "2023.10.10"]
[SourceVersion "1"]
[SourceVersionDate "2023.10.10"]
[SourceQuality "1"]

1. d4 Nf6 2. Nc3 d5 3. e4 Nxe4 4. Nxe4 dxe4 5. Be3 Bf5 6. g4 Bg6 7. Ne2 e6 8. h4 h6 9. h5 Bh7 10. Qd2 Be7 11. 0-0-0 c6 12. a3 Nd7 13. Nc3 Nb6 14. Bg2 Nc4 15. Qe2 b5 16. Bxe4 Bxe4 17. Nxe4 Qa5 18. Nc5 Rb8 19. Bf4 Rc8 20. Rh3 Qb6 21. Nxe6 fxe6 22. Qxe6 Qd8 23. d5 Qd7 24. Qg6+ Kf8 25. Rf3 Bf6 26. g5 hxg5 27. Bxg5 Qf7 28. Qf5 Bxb2+ 29. Kb1 Qxf5 30. Rxf5+ Kg8 31. d6 Bf6 32. Bxf6 gxf6 33. d7 Rd8 34. Rxf6 Ne5 35. Re6 Nf7 36. Rxc6 Rxh5 37. Rc7 a5 38. Ra7 b4 39. axb4 axb4 40. Rb7 Rh4 41. Ka2 Rf4 42. Rd2 Ra8+ 43. Kb3 Ra3+ 44. Kb2 Ra8 45. Kb3 Ra3+ 46. Kb2 Ra8 47. Rc7 Rd8 48. Kb3 Kf8 49. Re2 Nd6 50. Re6 Rd4 51. f4 Kf7 52. Rh6 Nf5 53. Rb6 1/2-1/2

[Event "Daventry 4NCL Easter op-B 3rd"]
[Site "Daventry"]
[Date "2023.04.07"]
[Round "1"]
[White "Hall, James"]
[Black "Wheeler, Tim"]
[Result "1-0"]
[WhiteElo "1719"]
[BlackElo "1597"]
[PlyCount "111"]
[EventDate "2023.04.07"]
[EventType "swiss"]
[EventRounds "7"]
[EventCountry "ENG"]
[SourceTitle "EXT 2024"]
[Source "ChessBase"]
[SourceDate "2023.10.10"]
[SourceVersion "1"]
[SourceVersionDate "2023.10.10"]
[SourceQuality "1"]

1. d4 Nf6 2. Nc3 d5 3. e4 Nxe4 4. Nxe4 dxe4 5. Be3 Bf5 6. g4 Bg6 7. Ne2 e6 8. h4 f5 9. h5 Bf7 10. g5 Be7 11. Qd2 Qd7 12. Bg2 Nc6 13. f3 exf3 14. Bxf3 0-0-0 15. 0-0-0 Kb8 16. Qc3 Nb4 17. Qb3 c6 18. c4 Rhe8 19. g6 hxg6 20. hxg6 Bg8 21. Bf4+ Ka8 22. Be5 Na6 23. Kb1 Bd6 24. Qe3 Qc7 25. a3 Bxe5 26. dxe5 Qe7 27. Nf4 Nc5 28. b4 Na6 29. Nd3 Rd7 30. Nb2 Red8 31. Rxd7 Rxd7 32. Rd1 Rxd1+ 33. Bxd1 Qd8 34. Qd3 Qxd3+ 35. Nxd3 Nb8 36. Nf4 Nd7 37. Nd3 a5 38. Kc2 Ka7 39. Kc3 axb4+ 40. axb4 b6 41. Bf3 c5 42. Bc6 cxb4+ 43. Kxb4 Nf8 44. Be8 Kb7 45. Nf4 Kc7 46. Kb5 Kb7 47. Nh5 Kc7 48. Nxg7 f4 49. Nh5 f3 50. Ng3 Kd8 51. g7 Nh7 52. Bg6 Ng5 53. Kxb6 Ke7 54. c5 Nf7 55. Bxf7 Kxf7 56. c6 1-0